The Faerie Queene
| Main Author: | |
|---|---|
| Format: | Book |
| Language: | English |
| Published: |
London :
Penguin Books ,
1997
|
| Series: | Penguin Classics
|
| Subjects: |
MARC
| LEADER | 00000cam a2200000 7i4500 | ||
|---|---|---|---|
| 001 | 0000097072 | ||
| 005 | 20120718.0 | ||
| 008 | 120718 eng | ||
| 020 | |a 0140422072 | ||
| 090 | 0 | 0 | |a 821 SPE |
| 100 | 1 | |a Spenser, Edmund | |
| 245 | 1 | 4 | |a The Faerie Queene |c Edmund Spenser |
| 260 | |a London : |b Penguin Books , |c 1997 | ||
| 300 | |a 1246p ; |c 19cm. | ||
| 440 | 0 | |a Penguin Classics | |
| 650 | 0 | 0 | |a Literature |
| 999 | |a 003674 |b Buku |c Rak Terbuka |e Perpustakaan Cawangan Masjid Tanah | ||